LEADER 01554nam0 2200337 i 450 001 SUN0125396 005 20191108101017.734 010 $d0.00 017 70$2N$a978-3-319-94758-7 100 $a20191108d2018 |0engc50 ba 101 $aeng 102 $aCH 105 $a|||| ||||| 200 1 $a*Mathematical Modelling of Physical Systems$fMichel Cessenat 205 $aCham : Springer, 2018 210 $axvii$d505 p.$cill. ; 24 cm 215 $aPubblicazione in formato elettronico 606 $a49Sxx$xVariational principles of physics [MSC 2020]$2MF$3SUNC022750 606 $a76Axx$xFoundations, constitutive equations, rheology, hydrodynamical models of non-fluid phenomena [MSC 2020]$2MF$3SUNC022752 606 $a35Qxx$xPartial differential equations of mathematical physics and other areas of application [MSC 2020]$2MF$3SUNC022881 606 $a53C80$xApplications of global differential geometry to the sciences [MSC 2020]$2MF$3SUNC023294 606 $a80Axx$xThermodynamics and heat transfer [MSC 2020]$2MF$3SUNC029102 620 $aCH$dCham$3SUNL001889 700 1$aCessenat$b, Michel$3SUNV043005$0725365 712 $aSpringer$3SUNV000178$4650 801 $aIT$bSOL$c20210503$gRICA 856 4 $uhttp://doi.org/10.1007/978-3-319-94758-7 912 $aSUN0125396 950 $aUFFICIO DI BIBLIOTECA DEL DIPARTIMENTO DI MATEMATICA E FISICA$d08CONS e-book 1237 $e08eMF1237 20191108 996 $aMathematical Modelling of Physical Systems$91564905 997 $aUNICAMPANIA LEADER 01476nam 2200433 450 001 996217199703316 005 20230802002740.0 010 $a1-4577-0200-2 035 $a(CKB)3360000000370815 035 $a(SSID)ssj0000669004 035 $a(PQKBManifestationID)12302088 035 $a(PQKBTitleCode)TC0000669004 035 $a(PQKBWorkID)10708121 035 $a(PQKB)10646421 035 $a(WaSeSS)IndRDA00119709 035 $a(EXLCZ)993360000000370815 100 $a20200307d2012 uy 0 101 0 $aeng 135 $aur||||||||||| 181 $ctxt 182 $cc 183 $acr 200 10$aCHANGE $e2011 1st International Workshop on Computing in Heterogeneous, Autonomous 'N' Goal-Oriented Environments : 6 March 2011, Newport Beach, CA, USA /$fInstitute of Electrical and Electronics Engineers 210 1$aPiscataway, New Jersey :$cInstitute of Electrical and Electronics Engineers,$d2012. 215 $a1 online resource (446 pages) 300 $aBibliographic Level Mode of Issuance: Monograph 311 $a1-4577-0199-5 606 $aHeterogeneous computing$vCongresses 606 $aComputer architecture$vCongresses 615 0$aHeterogeneous computing 615 0$aComputer architecture 676 $a004.35 712 02$aInstitute of Electrical and Electronics Engineers, 801 0$bWaSeSS 801 1$bWaSeSS 906 $aPROCEEDING 912 $a996217199703316 996 $aChange$9463882 997 $aUNISA